Conversion of the churches to Christ as dialogue reference for the ecumenical unity of Christians in Uganda (Record no. 122748)
[ view plain ]
| 000 -LEADER | |
|---|---|
| fixed length control field | 00648nam a22001697a 4500 |
| 008 - FIXED-LENGTH DATA ELEMENTS--GENERAL INFORMATION | |
| fixed length control field | 150422b xxu||||| |||| 00| 0 eng d |
| 050 ## - LIBRARY OF CONGRESS CALL NUMBER | |
| Classification number | BX8.2.K61 |
| 100 ## - MAIN ENTRY--PERSONAL NAME | |
| Personal name | Kisoga, Josef Buchana |
| 9 (RLIN) | 17476 |
| 245 ## - TITLE STATEMENT | |
| Title | Conversion of the churches to Christ as dialogue reference for the ecumenical unity of Christians in Uganda |
| Statement of responsibility, etc | /by Josef Buchana Kisoga |
| 260 ## - PUBLICATION, DISTRIBUTION, ETC. (IMPRINT) | |
| Place of publication, distribution, etc | Roma |
| Name of publisher, distributor, etc | Pontifical Urban University |
| Date of publication, distribution, etc | 2001 |
| 300 ## - PHYSICAL DESCRIPTION | |
| Extent | vi,143p. ; |
| Dimensions | 24cm. |
| 521 ## - TARGET AUDIENCE NOTE | |
| Target audience note | Thesis |
| 650 ## - SUBJECT ADDED ENTRY--TOPICAL TERM | |
| Topical term or geographic name as entry element | Ecumenism |
| Geographic subdivision | Uganda |
| 9 (RLIN) | 17477 |
| 650 ## - SUBJECT ADDED ENTRY--TOPICAL TERM | |
| Topical term or geographic name as entry element | Vatican council 2nd |
| General subdivision | Decrees |
| -- | Commentaries |
| 9 (RLIN) | 17478 |
| 650 ## - SUBJECT ADDED ENTRY--TOPICAL TERM | |
| Topical term or geographic name as entry element | Catholic church in Uganda |
| General subdivision | Relations |
| 9 (RLIN) | 17479 |
| 942 ## - ADDED ENTRY ELEMENTS (KOHA) | |
| Source of classification or shelving scheme | Library of Congress Classification |
| Item type | Monograph ( Printed materials) |
| Withdrawn status | Lost status | Source of classification or shelving scheme | Damaged status | Not for loan | Collection code | Home library | Current library | Shelving location | Date acquired | Total Checkouts | Full call number | Barcode | Date last seen | Price effective from | Koha item type |
|---|---|---|---|---|---|---|---|---|---|---|---|---|---|---|---|
| Library of Congress Classification | Main Collection | ARRUPE LIBRARY | ARRUPE LIBRARY | Main Collection | 22/04/2015 | BX8.2.K61 | 46500004478 | 22/11/2017 | 22/04/2015 | Monograph ( Printed materials) |